El evangelio según Jesucrísto, de José Saramago. Una apelación al pensar teológico.

Saved in:
Bibliografiske detaljer
Hovedforfatter: Román Hernández, Carlos Eduardo (autor)
Format: Ukendt
Sprog:engelsk
Udgivet: Bogotá, D.C., Colombia: Pontificia Universidad Javeriana, 2008.
Udgivelse:Primera edición.
Serier:Religión, Cultura y Sociedad,
Fag:
Tags: Tilføj Tag
Ingen Tags, Vær først til at tagge denne postø!

MARC

LEADER 00000 a2200000 4500
003 CL-VaPUC
005 20230418101623.0
008 230412t2008 ||||| |||| 00| 0 eng d
999 |c 439694  |d 439692 
020 |a 978-958-716-142-7 
040 |c Pontificia Universidad Católica de Valparaíso 
082 |2 22  |a 261.58 ROM 2008 
100 |a Román Hernández, Carlos Eduardo  |9 881380  |e autor 
245 |a El evangelio según Jesucrísto, de José Saramago.  |b Una apelación al pensar teológico. 
250 |a Primera edición. 
260 |a Bogotá, D.C., Colombia:   |b Pontificia Universidad Javeriana,  |c 2008. 
300 |a 257 páginas. 
490 |a Religión, Cultura y Sociedad,  |n  29. 
583 |k GC  |c 20230412 
600 0 |9 529702  |a Saramago, José,   |d 1922-2010   |t El evangelio según Jesucristo  |v Crítica e interpretación   |x Escritor portugués 
650 0 |9 315091  |a Cristología   |x Literatura religiosa   |x Novelas   |v Crítica e interpretación  
650 0 |9 881410  |a Religión en la literatura  |x Cristianismo  
942 |2 ddc  |c BK 
952 |0 0  |1 0  |2 ddc  |4 0  |6 261_580000000000000_ROM_2008  |7 0  |8 A  |9 589449  |a BIBTEO  |b BIBTEO  |c GEN  |d 2023-04-05  |e 178  |g 9751.99  |i 5656969  |o 261.58 ROM 2008  |p 5656969  |r 2025-01-17  |t 1  |v 9751.99  |w 2023-04-05  |y BK  |k ICR